Word Ladder: Genesis Albums Quiz Stats

 Plays Quiz Updated Jun 16, 2016

Challenge
Share
Tweet
Embed
Score 0/24 Timer 03:00
0 Plays Today
Hint 4-Letter Word % Correct
Digits on the feetTOES
97.9%
Kelly Clarkson's 'Since U ___ Gone'BEEN
97.6%
Egyptian resting placeTOMB
97%
Building on a farmBARN
96.8%
Male catsTOMS
96.4%
Capital of SwitzerlandBERN
96.1%
Baby sheep
♪ 1974's 'The [Rung 6] [Rung 16] [Rung 20] on Broadway' ♪
♪LAMB♪
96.1%
Dusk's oppositeDAWN
95.9%
Kitten's feetPAWS
95.6%
Chess fodderPAWN
95.2%
Eye-care partner of BauschLOMB
93.9%
Opposite of up
♪ 1974's 'The [Rung 6] [Rung 16] [Rung 20] on Broadway' ♪
♪DOWN♪
93.8%
Hint 4-Letter Word % Correct
UncoolLAME
92.7%
Muy ___: well-done in SpanishBIEN
92%
What one might do to a lionTAME
90.2%
Throw a football
♪ With First Rung, 1970 album ♪
♪PASS♪
88%
A claim on a property as part of a debtLIEN
83.9%
AccomplishesDOES
83.9%
Herbert Henry and Charles Henry, who founded companiesDOWS
79.9%
A mountain lakeTARN
76.7%
Rezero a balance before weighingTARE
76.2%
Prevaricates
♪ 1974's 'The [Rung 6] [Rung 16] [Rung 20] on Broadway' ♪
♪LIES♪
72%
Famous Latin hymn '___ Irae' aka 'Day of Wrath'DIES
71.8%
'Very' in Paris
♪ With Last Rung, 1970 album ♪
♪TRÈS♪
71%

Today's Daily Dose

Missing Word
Directed by David

Word Ladder
The Jungle Book

On This Day
July 17th II

You're not logged in!

Compare scores with friends on all Sporcle quizzes.
Join for Free
OR
Log In

You Might Also Like...

Show Comments

Extras

Top Quizzes Today


Score Distribution

Your Account Isn't Verified!

In order to create a playlist on Sporcle, you need to verify the email address you used during registration. Go to your Sporcle Settings to finish the process.

Report this User

Report this user for behavior that violates our Community Guidelines.

Details: